00382nam a22001337a 4500003000400000005001700004008004100021040001100062100005900073245005800132250000800190260004200198300000800240OSt20240418104030.0240418b |||||||| |||| 00| 0 eng d cMRSPTU aGasso, O.P (ਓਮ ਪ੍ਰਕਾਸ਼ ਗਾਸੋ) aMalwai Sabiachar (ਮਲਵਈ ਸਭਿਆਚਾਰ) a3rd aPunjabbVishav Bharti Parkashanc2005 a111